Boletín de las leyes y decretos del gobierno: 1885
Saved in:
| Format: | Bog |
|---|---|
| Sprog: | spansk |
| Udgivet: |
Santiago
Nacional
1885
|
| Fag: | |
| Tags: |
Tilføj Tag
Ingen Tags, Vær først til at tagge denne postø!
|
MARC
| LEADER | 00000nam a2200000 a 4500 | ||
|---|---|---|---|
| 001 | UCR1497 | ||
| 003 | CL-VaPUC | ||
| 008 | 971219e18850000CL |||||||||||||||||spa|d | ||
| 082 | 0 | 4 | |a 348.022 |b BOL |2 21 |
| 245 | 1 | 0 | |a Boletín de las leyes y decretos del gobierno: 1885 |
| 300 | |a 2 v | ||
| 942 | |c BK | ||
| 945 | |d 19971219 00:00:00 |a lriquelm | ||
| 260 | |a Santiago |b Nacional |c 1885 | ||
| 650 | 7 | |a DERECHO CHILENO SIGLO 19 |2 CL-VaPUC |9 398644 | |
| 650 | 0 | |a Fuentes del derecho |9 255162 | |
| 651 | 7 | |a CHILE |2 CL-VaPUC |9 398645 | |
| 583 | |a last modification |c 20160829 10:09:32 |k Rodrigo Vera | ||
| 999 | |c 264899 |d 264897 | ||
| 952 | |0 0 |1 0 |4 0 |6 348_022000000000000_BOL_1885 |7 0 |8 X |9 295490 |a BIBDER |b BIBDER |d 2019-11-20 |h v.54 p.1 |i 1925792 |o 348.022 BOL 1885 |p 1925792 |r 2023-01-25 |w 2019-11-20 |y BK_X |k DER | ||
| 952 | |0 0 |1 0 |4 0 |6 348_022000000000000_BOL_1885 |7 0 |8 X |9 295491 |a BIBDER |b BIBDER |d 2019-11-20 |h v.54 p.2 |i 1926314 |o 348.022 BOL 1885 |p 1926314 |r 2023-01-25 |w 2019-11-20 |y BK_X |k DER | ||
| 952 | |0 0 |1 0 |4 0 |6 348_022000000000000_BOL_1885 |7 0 |8 DER_HDC |9 295492 |a BIBDER |b BIBDER |d 2019-11-20 |h v.54 p.1 |i 1927523 |o 348.022 BOL 1885 |p 1927523 |r 2023-01-25 |w 2019-11-20 |x Ubicación 4to Piso |y BK_X |z Estos recursos deben solicitarse con anticipación |k DER | ||
| 952 | |0 0 |1 0 |4 0 |6 348_022000000000000_BOL_1885 |7 0 |8 DER_HDC |9 295493 |a BIBDER |b BIBDER |d 2019-11-20 |h v.54 p.2 |i 1927574 |o 348.022 BOL 1885 |p 1927574 |r 2023-01-25 |w 2019-11-20 |x Ubicación 4to Piso |y BK_X |z Estos recursos deben solicitarse con anticipación |k DER | ||
| 952 | |0 0 |1 0 |4 0 |6 348_022000000000000_BOL_1885 |7 0 |8 X |9 295494 |a BIBHIS |b BIBHIS |d 2019-11-20 |h v.54 p.1 |i 2842475 |o 348.022 BOL 1885 |p 2842475 |r 2024-01-30 |w 2019-11-20 |y BK_X |k HIS | ||
| 952 | |0 0 |1 0 |4 0 |6 348_022000000000000_BOL_1885 |7 0 |8 X |9 295495 |a BIBHIS |b BIBHIS |d 2019-11-20 |h v.54 p.2 |i 2842483 |o 348.022 BOL 1885 |p 2842483 |r 2024-01-30 |w 2019-11-20 |y BK_X |k HIS | ||